[Event "CrunchLab Masters Div 2 L"]
[Site "chess.com INT"]
[Date "2024.07.20"]
[Round "1.1"]
[White "Antipov, Mikhail Al."]
[Black "Kramnik, Vladimir"]
[Result "0-1"]
[WhiteTitle "GM"]
[BlackTitle "GM"]
[WhiteElo "2602"]
[BlackElo "2753"]
[WhiteFideId "4107012"]
[BlackFideId "4101588"]
[EventDate "2024.07.20"]
[EventType "k.o."]

1. e4 c5 2. Nf3 e6 3. c3 d5 4. exd5 Qxd5 5. d4 Nf6 6. Na3 a6 7. Nc4 Nbd7 8. Be2
b5 9. Na5 Qd6 10. a4 Qc7 11. dxc5 Bxc5 12. axb5 axb5 13. b4 Ne4 14. bxc5 Rxa5
15. Bb2 O-O 16. Rxa5 Qxa5 17. c6 Ndc5 18. O-O Na4 19. Qa1 Qb6 20. Nd4 e5 21.
Nxb5 Nxb2 22. Qxb2 Qxc6 23. c4 Qc5 24. Bf3 Nf6 25. Rc1 Be6 26. Qa3 Rc8 27. Qxc5
Rxc5 28. Nd6 g6 29. Be2 Kg7 30. f3 Nd7 31. Kf2 Rc6 32. Nb7 Rb6 33. Nd8 Nc5 34.
Nxe6+ Nxe6 35. Rc2 Kf6 36. Bf1 h5 37. Rd2 Nc5 38. Rd5 Rb2+ 39. Ke3 Ne6 40. Rd7
h4 41. Ra7 Rb3+ 42. Kf2 Nd4 43. Ra2 Rc3 44. Rd2 h3 45. f4 hxg2 46. fxe5+ Kxe5
47. Kxg2 Ke4 48. Ra2 f5 49. Kf2 Rf3+ 50. Kg1 Rc3 51. Kf2 g5 52. Rd2 g4 53. Bg2+
Ke5 54. Bf1 Nf3 55. Rd5+ Kf4 56. Bd3 Ne5 57. Be2 Rc2 58. Rd4+ Kg5 59. Ke1 f4 60.
Rd5 Kf6 61. Rd6+ Kf5 62. Rd5 Ke4 63. Kd1 Ra2 64. Rd2 Ra1+ 65. Kc2 f3 66. c5 Ra2+
67. Kc3 fxe2 0-1

[Event "CrunchLab Masters Div 2 L"]
[Site "chess.com INT"]
[Date "2024.07.20"]
[Round "1.1"]
[White "Deac, Bogdan-Daniel"]
[Black "Le, Tuan Minh"]
[Result "1/2-1/2"]
[WhiteTitle "GM"]
[BlackTitle "GM"]
[WhiteElo "2683"]
[BlackElo "2568"]
[WhiteFideId "1226380"]
[BlackFideId "12401153"]
[EventDate "2024.07.20"]
[EventType "k.o."]

1. d4 d5 2. c4 e6 3. Nc3 h6 4. Nf3 a6 5. e4 dxe4 6. Nxe4 Nf6 7. Bd3 Bb4+ 8. Bd2
Bxd2+ 9. Qxd2 Nbd7 10. O-O O-O 11. Nxf6+ Nxf6 12. Rfd1 b6 13. Ne5 Bb7 14. Qe3
Qe7 15. Be2 Nd7 16. Bf3 Bxf3 17. Nxf3 Rfe8 18. Rd2 e5 19. dxe5 Nxe5 20. Nxe5
Qxe5 21. Qxe5 Rxe5 22. Rad1 b5 23. cxb5 axb5 24. a3 c5 25. Rd8+ Rxd8 26. Rxd8+
Kh7 27. Kf1 g5 28. b3 Kg6 29. Rb8 c4 30. bxc4 bxc4 31. Rb4 Rc5 32. Ke2 c3 33.
Rb1 c2 34. Rc1 Rc3 35. a4 Ra3 36. Rxc2 Rxa4 37. h3 1/2-1/2

[Event "CrunchLab Masters Div 2 L"]
[Site "chess.com INT"]
[Date "2024.07.20"]
[Round "1.1"]
[White "Durarbayli, Vasif"]
[Black "Pichot, Alan"]
[Result "1-0"]
[WhiteTitle "GM"]
[BlackTitle "GM"]
[WhiteElo "2628"]
[BlackElo "2647"]
[WhiteFideId "13402935"]
[BlackFideId "110973"]
[EventDate "2024.07.20"]
[EventType "k.o."]

1. e4 e5 2. Nf3 Nc6 3. Bc4 Bc5 4. c3 Nf6 5. d3 d6 6. Bg5 h6 7. Bh4 a5 8. Nbd2
Ba7 9. a4 Qe7 10. h3 g5 11. Bg3 Nd7 12. Nf1 Nf8 13. Ne3 Bxe3 14. fxe3 Ng6 15.
Qb3 O-O 16. O-O Be6 17. Nh2 h5 18. Rf5 Kg7 19. Bxe6 fxe6 20. Rxf8 Rxf8 21. Qxb7
Nd8 22. Qb5 g4 23. hxg4 Qg5 24. Re1 h4 25. Bf2 h3 26. g3 Nf7 27. Qd7 Qf6 28. Rf1
Rb8 29. b4 axb4 30. cxb4 Qg5 31. b5 Qe7 32. Qxe7 Nxe7 33. Rc1 c6 34. bxc6 Nxc6
35. Be1 Rb6 36. a5 Ra6 37. Nf3 Nh6 38. g5 Ng4 39. Bd2 Kg6 40. d4 d5 41. exd5
exd5 42. Rc5 e4 43. Nh2 Kh5 44. g6 Nf6 45. g7 Kg6 46. Rxd5 Kxg7 47. Rd6 Kf7 48.
d5 Nb8 49. Rxa6 Nxa6 50. d6 Ke6 51. g4 Nh7 52. Kf2 Kxd6 53. Kg3 Kd5 54. Kxh3 Kc4
55. Kh4 Kd3 56. Bc1 Kc2 57. Ba3 Kd2 58. g5 Nxg5 59. Kxg5 Kxe3 60. Kf5 Kd3 61.
Ke5 e3 62. Kd5 e2 63. Nf3 Ke3 64. Ne1 Kd2 65. Ng2 Kc3 66. Kc6 Kc4 67. Bd6 Nb4+
68. Bxb4 1-0

[Event "CrunchLab Masters Div 2 L"]
[Site "chess.com INT"]
[Date "2024.07.20"]
[Round "1.1"]
[White "Oparin, Grigoriy"]
[Black "Matlakov, Maxim"]
[Result "1-0"]
[WhiteTitle "GM"]
[BlackTitle "GM"]
[WhiteElo "2662"]
[BlackElo "2651"]
[WhiteFideId "24125890"]
[BlackFideId "4168003"]
[EventDate "2024.07.20"]
[EventType "k.o."]

1. c4 Nf6 2. Nf3 e6 3. b3 b6 4. g3 Bb7 5. Bg2 c5 6. Bb2 Be7 7. O-O O-O 8. d4
cxd4 9. Qxd4 Nc6 10. Qf4 d5 11. Rd1 Qc8 12. Nbd2 Rd8 13. Rac1 Nh5 14. Qg4 Nf6
15. Qf4 Nh5 16. Qe3 Nf6 17. Ne5 Nxe5 18. Qxe5 Qb8 19. Nf1 Bd6 20. Qg5 h6 21. Qh4
Be5 22. Bxe5 Qxe5 23. Ne3 Rac8 24. cxd5 Rxc1 25. Rxc1 Bxd5 26. Bxd5 exd5 27. Ng4
Qg5 28. Qxg5 hxg5 29. Nxf6+ gxf6 30. Rc7 d4 31. Rxa7 Rc8 32. Ra6 Rc2 33. Kf1 Kg7
34. a4 b5 35. axb5 Rc5 36. Ra5 Rc3 37. Ra3 Rc5 38. b4 Rxb5 39. Rb3 f5 40. h4 Kg6
41. Ke1 f4 42. Kd2 fxg3 43. fxg3 f5 44. hxg5 Kxg5 45. Kd3 1-0

[Event "CrunchLab Masters Div 2 L"]
[Site "chess.com INT"]
[Date "2024.07.20"]
[Round "1.2"]
[White "Kramnik, Vladimir"]
[Black "Antipov, Mikhail Al."]
[Result "1/2-1/2"]
[WhiteTitle "GM"]
[BlackTitle "GM"]
[WhiteElo "2753"]
[BlackElo "2602"]
[WhiteFideId "4101588"]
[BlackFideId "4107012"]
[EventDate "2024.07.20"]
[EventType "k.o."]

1. e4 c5 2. Nf3 Nc6 3. d4 cxd4 4. Nxd4 g6 5. Nc3 Bg7 6. Be3 Nf6 7. Be2 O-O 8.
O-O d6 9. Qd2 Bd7 10. Rfd1 Qc7 11. f3 Rad8 12. a4 Rfe8 13. Ndb5 Qb8 14. Nd5 Rc8
15. c3 a6 16. Nd4 Nxd5 17. exd5 Na5 18. Qe1 Nc4 19. Bxc4 Rxc4 20. a5 Qc7 21. Nc2
Ra4 22. Bb6 Qc4 23. Ne3 Qb3 24. Rxa4 Bxa4 25. Ra1 Bd7 26. Qd2 e6 27. dxe6 Rxe6
28. Re1 Bb5 29. h4 h5 30. Qf2 Bf6 31. Kh2 Qa4 32. g3 Bc6 33. Ng2 Rxe1 34. Nxe1
Qd1 35. Kg2 g5 36. hxg5 Bxg5 37. Be3 Bd8 38. b4 Bf6 39. Qd2 Qxd2+ 40. Bxd2 Kf8
41. Kf2 h4 42. gxh4 Bxh4+ 43. Ke3 Ke7 44. Nc2 Bg5+ 45. f4 Bf6 46. Nd4 Bd5 47.
Nf5+ Ke6 48. Nd4+ Kd7 49. Be1 Bc4 50. Bg3 Kc7 51. Bf2 b6 52. axb6+ Kxb6 53. Ke4
Kc7 54. Ke3 Kd7 55. Bg3 Bd8 56. Bf2 a5 57. bxa5 Bxa5 58. Kd2 Bd8 59. Nf5 Ke6 60.
Ne3 Ba6 61. Bg3 Kd7 62. Nf5 Kc6 63. Bh4 Ba5 64. Ne3 Bc7 65. Bf6 Kd7 66. Bd4 Ke6
67. f5+ Kd7 68. Nd5 Bd8 69. Bf6 Ba5 70. Ke3 Bf1 71. Bd4 Kc6 72. Ne7+ Kb5 73. Kf4
Kc4 74. Nc8 Bc7 75. Kg5 Bh3 76. Kf6 Kd5 77. Ne7+ Ke4 78. Kxf7 Bxf5 79. Nxf5 Kxf5 1/2-1/2

[Event "CrunchLab Masters Div 2 L"]
[Site "chess.com INT"]
[Date "2024.07.20"]
[Round "1.2"]
[White "Le, Tuan Minh"]
[Black "Deac, Bogdan-Daniel"]
[Result "1-0"]
[WhiteTitle "GM"]
[BlackTitle "GM"]
[WhiteElo "2568"]
[BlackElo "2683"]
[WhiteFideId "12401153"]
[BlackFideId "1226380"]
[EventDate "2024.07.20"]
[EventType "k.o."]

1. d4 Nf6 2. Nf3 d5 3. c4 e6 4. Nc3 Be7 5. Bf4 O-O 6. a3 dxc4 7. e4 b5 8. Nxb5
Nxe4 9. Bxc4 Nd6 10. Bd3 Nxb5 11. Bxb5 Bb7 12. O-O Bd6 13. Bg3 Nd7 14. Bd3 Bxg3
15. hxg3 Nf6 16. Rc1 Qd6 17. Qe2 a5 18. Rfd1 g6 19. Qe5 Nd7 20. Qe3 Bxf3 21.
Qxf3 Nb6 22. Be4 Rab8 23. Rc6 Qd7 24. Qc3 Nd5 25. Bxd5 Qxd5 26. Rxc7 Rb3 27. Qd2
Rfb8 28. Qf4 Rf8 29. Rd2 Qb5 30. Rc5 Qb6 31. Rcc2 Rb5 32. g4 Rd8 33. Rc7 Rf8 34.
Rdc2 Rxb2 35. R2c6 Rb1+ 36. Kh2 Qb8 37. g3 Rb7 38. Qe5 Rxc7 39. Rxc7 Qb6 40. Rc5
a4 41. Rb5 Qc6 42. Rb4 Qf3 43. Qe3 Qxg4 44. Rxa4 Qh5+ 45. Kg2 Qd5+ 46. Qf3 Qd6
47. Ra8 Qxd4 48. a4 e5 49. a5 e4 50. Rxf8+ Kxf8 51. Qa3+ Kg7 52. a6 Qd5 53. Qe3
Qc6 54. a7 f6 55. Kh2 g5 56. Qa3 Qa8 57. Qe7+ Kg6 58. Qc7 e3 59. fxe3 Qf3 60.
Qc2+ f5 61. Qa2 Qa8 62. Qe6+ Kg7 63. Qe7+ Kg6 64. Qd6+ Kh5 65. Qb8 Qf3 66. a8=Q 1-0

[Event "CrunchLab Masters Div 2 L"]
[Site "chess.com INT"]
[Date "2024.07.20"]
[Round "1.2"]
[White "Matlakov, Maxim"]
[Black "Oparin, Grigoriy"]
[Result "1-0"]
[WhiteTitle "GM"]
[BlackTitle "GM"]
[WhiteElo "2651"]
[BlackElo "2662"]
[WhiteFideId "4168003"]
[BlackFideId "24125890"]
[EventDate "2024.07.20"]
[EventType "k.o."]

1. d4 Nf6 2. c4 e6 3. Nc3 Bb4 4. e3 b6 5. Ne2 Ba6 6. a3 Be7 7. Nf4 d5 8. cxd5
Bxf1 9. dxe6 Bc4 10. Qa4+ b5 11. Nxb5 Bxb5 12. Qxb5+ c6 13. exf7+ Kxf7 14. Qc4+
Ke8 15. Ne6 Qd6 16. Bd2 Nd5 17. Nxg7+ Kd7 18. Nf5 Qe6 19. Qc2 Rg8 20. O-O Nf6
21. f3 Na6 22. e4 Nc7 23. Bf4 Rac8 24. Rad1 Nh5 25. Be3 Qg6 26. Rc1 Nb5 27. Rf2
Nd6 28. Nxe7 Kxe7 29. Qc5 Ke8 30. Qxa7 Rg7 31. Qa6 Rgc7 32. a4 Nf7 33. Rfc2 Ng5
34. Kh1 Qf6 35. Rc5 h6 36. Rf5 Qd6 37. Qc4 Re7 38. Bxg5 hxg5 39. Rxg5 Nf4 40.
Rg8+ Kd7 41. Rxc8 Kxc8 42. g3 Ne6 43. Qxc6+ Qxc6 44. Rxc6+ Kd7 45. d5 Nd4 46.
Rc3 Kd6 47. Kg2 Rb7 48. b3 Nxb3 49. f4 Nc5 50. Kf3 Rb4 51. Re3 Rxa4 52. h4 Ra1
53. h5 Rh1 54. Kg4 Nd7 55. Kg5 Ke7 56. g4 Nf6 57. d6+ Ke6 58. e5 Nh7+ 59. Kh6
Nf8 60. f5+ Kd5 61. e6 1-0

[Event "CrunchLab Masters Div 2 L"]
[Site "chess.com INT"]
[Date "2024.07.20"]
[Round "1.2"]
[White "Pichot, Alan"]
[Black "Durarbayli, Vasif"]
[Result "1-0"]
[WhiteTitle "GM"]
[BlackTitle "GM"]
[WhiteElo "2647"]
[BlackElo "2628"]
[WhiteFideId "110973"]
[BlackFideId "13402935"]
[EventDate "2024.07.20"]
[EventType "k.o."]

1. e4 e6 2. d4 d5 3. Nc3 Nf6 4. e5 Nfd7 5. f4 c5 6. Nf3 Nc6 7. Be3 cxd4 8. Nxd4
Qb6 9. Qd2 Qxb2 10. Rb1 Qa3 11. Bb5 Nxd4 12. Bxd4 a6 13. Rb3 Qe7 14. Ba4 b5 15.
Bxb5 axb5 16. Nxb5 Qd8 17. Qc3 Qa5 18. Nc7+ Kd8 19. Nxa8 Qxa8 20. O-O Qa4 21.
Kh1 Qc4 22. Rfb1 Bc5 23. Bxc5 Qxc5 24. Qg3 g6 25. Rc3 Qd4 26. Rc6 h6 27. Qa3 Bb7
28. Rd6 Bc8 29. c4 Qxc4 30. Rc1 Qxf4 31. Rxc8+ Kxc8 32. Qa8+ Nb8 33. Rc6+ 1-0

[Event "CrunchLab Masters Div 2 L"]
[Site "chess.com INT"]
[Date "2024.07.20"]
[Round "1.3"]
[White "Matlakov, Maxim"]
[Black "Oparin, Grigoriy"]
[Result "1-0"]
[WhiteTitle "GM"]
[BlackTitle "GM"]
[WhiteElo "2651"]
[BlackElo "2662"]
[WhiteFideId "4168003"]
[BlackFideId "24125890"]
[EventDate "2024.07.20"]
[EventType "k.o."]

1. d4 Nf6 2. c4 e6 3. Nc3 Bb4 4. e3 O-O 5. Bd2 b6 6. Bd3 Bb7 7. Nge2 d5 8. cxd5
exd5 9. O-O Re8 10. Rc1 a6 11. f3 Bf8 12. g4 c5 13. Ng3 Nc6 14. Nce2 Rc8 15. g5
Nd7 16. f4 g6 17. f5 Bd6 18. Rf2 Qxg5 19. Rg2 cxd4 20. fxg6 dxe3 21. gxf7+ Kxf7
22. Nf5 Qf6 23. Bc3 Be5 24. Nf4 e2 25. Bxe2 Ne7 26. Bh5+ Kf8 27. Bxe8 Rxe8 28.
Nxe7 Qxf4 29. Rf2 Kxe7 30. Rxf4 Bxf4 31. Bd4 Bxc1 32. Qxc1 Kd6 33. Qf4+ Kc6 34.
Qh6+ Kc7 35. Qxh7 Re4 36. Qg7 Kd6 37. Kf2 Bc6 38. h4 Rxh4 39. Qg3+ 1-0

[Event "CrunchLab Masters Div 2 L"]
[Site "chess.com INT"]
[Date "2024.07.20"]
[Round "1.3"]
[White "Pichot, Alan"]
[Black "Durarbayli, Vasif"]
[Result "0-1"]
[WhiteTitle "GM"]
[BlackTitle "GM"]
[WhiteElo "2647"]
[BlackElo "2628"]
[WhiteFideId "110973"]
[BlackFideId "13402935"]
[EventDate "2024.07.20"]
[EventType "k.o."]

1. e4 e5 2. Nf3 Nc6 3. Bc4 Nf6 4. d4 exd4 5. e5 d5 6. Bb5 Nd7 7. O-O Be7 8. Bxc6
bxc6 9. Nxd4 Nb8 10. Qf3 O-O 11. Nc3 f6 12. e6 Re8 13. Bf4 Bc5 14. Rad1 Bxd4 15.
Rxd4 Bxe6 16. Qg3 Re7 17. Ne4 Kh8 18. Nc5 Bg8 19. h4 a5 20. Qd3 Qe8 21. Qc3 Nd7
22. Nd3 Ne5 23. Nc5 Nc4 24. Qg3 Nxb2 25. Bxc7 Nc4 26. Kh2 Qg6 27. Rg4 Qxc2 28.
Bd6 Nxd6 29. Qxd6 Rae8 30. Rg3 Qxa2 31. h5 h6 32. f4 Qe2 33. Rff3 d4 34. Qxc6
Qc4 35. Rd3 Qd5 36. Qxd5 Bxd5 37. Rxd4 Bf7 38. Ra4 Ra8 39. Rga3 Bxh5 40. Rxa5
Rxa5 41. Rxa5 Bg6 42. Kg3 Kh7 43. Kf3 h5 44. Nb3 Be4+ 45. Kg3 Kg6 46. Nd4 Rd7
47. Ne6 Rd2 48. f5+ Bxf5 49. Nf4+ Kg5 50. Nh3+ Kg6 51. Nf4+ Kg5 52. Kf3 Rb2 53.
Nh3+ Kg6 54. Nf4+ Kg5 55. Ne6+ Kg6 56. Nd4 Bg4+ 57. Kg3 Rd2 58. Ra4 Rd3+ 59. Kf4
Rd2 60. g3 Rd3 61. Rc4 Ra3 62. Nc6 Rf3+ 63. Ke4 Rxg3 64. Ne7+ Kg5 65. Rc5+ f5+
66. Ke5 Re3+ 67. Kd6 h4 68. Nd5 Rd3 69. Ke5 h3 70. Rc2 Rxd5+ 71. Kxd5 Kf4 72.
Kd4 Bf3 73. Rc8 h2 74. Rh8 h1=Q 0-1

[Event "CrunchLab Masters Div 2 L"]
[Site "chess.com INT"]
[Date "2024.07.21"]
[Round "2.1"]
[White "Aronian, Levon"]
[Black "Kramnik, Vladimir"]
[Result "1/2-1/2"]
[WhiteTitle "GM"]
[BlackTitle "GM"]
[WhiteElo "2729"]
[BlackElo "2753"]
[WhiteFideId "13300474"]
[BlackFideId "4101588"]
[EventDate "2024.07.20"]
[EventType "k.o."]

1. e4 c5 2. Nf3 e6 3. c3 d5 4. e5 Nc6 5. d4 Bd7 6. Be2 Nge7 7. O-O cxd4 8. cxd4
Nf5 9. Nc3 a6 10. Kh1 Rc8 11. a3 Be7 12. Bd3 Nfxd4 13. Nxd4 Nxd4 14. Qg4 Nb3 15.
Qxg7 Rf8 16. Rb1 Nxc1 17. Rfxc1 Qb6 18. Qg3 h5 19. f4 h4 20. Qf3 Qd4 21. Rd1 h3
22. g3 Qb6 23. Ne2 Kd8 24. f5 Kc7 25. f6 Bc5 26. b4 Be3 27. b5 axb5 28. Nc3 Kb8
29. Nxb5 Bxb5 30. Bxb5 Rc3 31. Qg4 Qc7 32. Qb4 Qc5 33. Bf1 Qxb4 34. Rxb4 Rh8 35.
Rdb1 b6 36. a4 Bc5 37. Rb5 Bd4 38. a5 Kb7 39. R5b4 Bc5 40. Rg4 Re3 41. Rg7 Rf8
42. Bxh3 Rxe5 43. Bg4 Kc6 44. axb6 Bxb6 45. Rc1+ Kd6 46. h4 Re3 47. Kg2 Bd8 48.
Rf1 Ke5 49. Rg5+ Kd6 50. Rg7 Ke5 51. Rg5+ Kd6 52. Bh5 Re5 53. Kh3 Rh8 54. Rxe5
Kxe5 55. Bxf7 Rf8 56. Bh5 Rxf6 57. Rxf6 Bxf6 58. g4 Kf4 59. Bf7 d4 60. Bxe6 d3
61. Bb3 d2 62. Bd1 Be7 63. g5 Bxg5 64. hxg5 Kxg5 65. Kg3 Kf5 66. Kf3 Ke6 67. Ke2
Kd7 68. Kxd2 1/2-1/2

[Event "CrunchLab Masters Div 2 L"]
[Site "chess.com INT"]
[Date "2024.07.21"]
[Round "2.1"]
[White "Le, Tuan Minh"]
[Black "Karthikeyan, Murali"]
[Result "1/2-1/2"]
[WhiteTitle "GM"]
[BlackTitle "GM"]
[WhiteElo "2568"]
[BlackElo "2627"]
[WhiteFideId "12401153"]
[BlackFideId "5074452"]
[EventDate "2024.07.20"]
[EventType "k.o."]

1. d4 Nf6 2. Nf3 g6 3. Nbd2 d5 4. e3 Bg7 5. b4 O-O 6. Bb2 a5 7. b5 c5 8. bxc6
Nxc6 9. Be2 Bf5 10. Rg1 Re8 11. a3 Rc8 12. h3 Ne4 13. g4 Nxd2 14. gxf5 Nxf3+ 15.
Bxf3 e6 16. fxe6 fxe6 17. Be2 e5 18. c3 Ne7 19. Bd3 Rf8 20. Qe2 Nf5 21. Rg4 e4
22. Bc2 Nd6 23. Bb3 Nc4 24. Bxc4 Rxc4 25. Rxe4 b5 26. Rf4 Rxf4 27. exf4 Qd7 28.
Qg4 Qe8+ 29. Kf1 b4 30. axb4 axb4 31. Re1 Qc6 32. Re6 Qb5 33. Qe2 Bf8 34. Re8
Qd7 35. Kg2 bxc3 36. Ba3 Rc8 37. Rxf8+ Rxf8 38. Bxf8 Kxf8 39. Qe5 Qc6 40. Qh8+
Kf7 41. Qxh7+ Ke8 42. f5 gxf5 43. Qg8+ Kd7 44. Qf7+ Kd8 45. Qf8+ Kc7 46. Qe7+
Kc8 47. Qf8+ Kb7 48. Qb4+ Kc7 49. Qe7+ Kb6 50. Qb4+ Ka6 51. Qa3+ Kb7 52. Qb4+
Ka8 53. Qa3+ Kb8 54. Qb4+ Kc8 55. Qf8+ Kd7 56. Qf7+ Kd8 57. Qf8+ Kc7 58. Qe7+ 1/2-1/2

[Event "CrunchLab Masters Div 2 L"]
[Site "chess.com INT"]
[Date "2024.07.21"]
[Round "2.1"]
[White "Svane, Frederik"]
[Black "Durarbayli, Vasif"]
[Result "1-0"]
[WhiteTitle "GM"]
[BlackTitle "GM"]
[WhiteElo "2636"]
[BlackElo "2628"]
[WhiteFideId "12923044"]
[BlackFideId "13402935"]
[EventDate "2024.07.20"]
[EventType "k.o."]

1. d4 Nf6 2. Nf3 b6 3. Bf4 Bb7 4. h4 c5 5. e3 cxd4 6. exd4 e6 7. c3 Be7 8. Nbd2
d6 9. Bd3 h6 10. Qe2 Nbd7 11. O-O g5 12. hxg5 Nd5 13. Bg3 hxg5 14. Ba6 Bxa6 15.
Qxa6 g4 16. Nh2 f5 17. Qe2 Nf8 18. c4 Nf6 19. Rfe1 Nh5 20. Nhf1 Qd7 21. c5 dxc5
22. Be5 Rh7 23. Rad1 cxd4 24. Nc4 Rd8 25. Rxd4 Qxd4 26. Bxd4 Rxd4 27. Ne5 Rd5
28. Qc4 Bc5 29. b4 Bd6 30. Nxg4 Kf7 31. Rxe6 Kxe6 32. Nge3 Nf6 33. Nxd5 Nxd5 34.
Ne3 Rc7 35. Qxd5+ Kd7 36. Nc4 1-0

[Event "CrunchLab Masters Div 2 L"]
[Site "chess.com INT"]
[Date "2024.07.21"]
[Round "2.2"]
[White "Durarbayli, Vasif"]
[Black "Svane, Frederik"]
[Result "1-0"]
[WhiteTitle "GM"]
[BlackTitle "GM"]
[WhiteElo "2628"]
[BlackElo "2636"]
[WhiteFideId "13402935"]
[BlackFideId "12923044"]
[EventDate "2024.07.20"]
[EventType "k.o."]

1. e4 e5 2. Nf3 Nc6 3. Bc4 Nf6 4. d3 Bc5 5. c3 O-O 6. Bg5 h6 7. Bh4 Be7 8. Nbd2
d6 9. Bg3 g6 10. h3 Nh5 11. Qe2 Na5 12. Bb5 a6 13. Ba4 b5 14. Bc2 c5 15. Bh2 Nc6
16. g4 Nf4 17. Bxf4 exf4 18. Bb3 Be6 19. Bxe6 fxe6 20. h4 Kg7 21. d4 cxd4 22.
cxd4 d5 23. h5 Qe8 24. O-O-O g5 25. Kb1 Bf6 26. Nb3 Qf7 27. Rhe1 Kg8 28. Rc1
Rfc8 29. Ka1 Bg7 30. a3 Rc7 31. exd5 exd5 32. Qd3 Rac8 33. Kb1 Kh8 34. Nc5 Nxd4
35. Nxd4 Rxc5 36. Rxc5 Rxc5 37. Nf5 Rc7 38. Nd6 Qf6 39. Re8+ Bf8 40. Nf5 Qf7 41.
Ra8 Rc6 42. Qd4+ Kg8 43. Rxf8+ Kxf8 44. Qh8+ Qg8 45. Qxg8+ Kxg8 46. Ne7+ Kf7 47.
Nxc6 Ke6 48. Kc2 Kd6 49. Nd4 1-0

[Event "CrunchLab Masters Div 2 L"]
[Site "chess.com INT"]
[Date "2024.07.21"]
[Round "2.2"]
[White "Karthikeyan, Murali"]
[Black "Le, Tuan Minh"]
[Result "1-0"]
[WhiteTitle "GM"]
[BlackTitle "GM"]
[WhiteElo "2627"]
[BlackElo "2568"]
[WhiteFideId "5074452"]
[BlackFideId "12401153"]
[EventDate "2024.07.20"]
[EventType "k.o."]

1. e4 e5 2. Nf3 Nc6 3. Nc3 Nf6 4. Bb5 Bb4 5. O-O O-O 6. d3 Bxc3 7. bxc3 d6 8.
Bg5 Ne7 9. Bxf6 gxf6 10. Nh4 Ng6 11. Qh5 Kh8 12. Bc4 c6 13. g3 d5 14. Bb3 Be6
15. Qh6 Rg8 16. Nxg6+ Rxg6 17. Qe3 a5 18. a4 Qc7 19. f4 exf4 20. Rxf4 Qe5 21. d4
Qg5 22. Raf1 Rag8 23. exd5 cxd5 24. Qf3 Kg7 25. Kg2 Kf8 26. Rxf6 Rxf6 27. Qxf6
Qxf6 28. Rxf6 Kg7 29. Rf3 Rb8 30. Kf2 b5 31. axb5 Rxb5 32. Ke3 Rb8 33. Rf1 Kf8
34. Kd3 Ra8 35. c4 a4 36. cxd5 Bd7 37. Bc4 Ke7 38. Ba2 Rb8 39. Re1+ Kd6 40. c4
Rb2 41. c5+ Kc7 42. d6+ Kd8 43. Bd5 a3 44. c6 Bf5+ 45. Kc3 Be6 46. Bxe6 fxe6 47.
Rxe6 Rb1 48. c7+ Kd7 49. Re7+ Kxd6 50. c8=Q Rc1+ 51. Kb3 Rxc8 52. Rxh7 Ra8 53.
Ka2 Kd5 54. Rh4 Kc4 55. Rf4 Kb4 56. Rf3 Kc4 57. Rxa3 Rh8 58. Ra4+ Kd5 59. h4 Rg8
60. Ra3 Kxd4 61. Kb2 Rf8 62. Kc2 Rf2+ 63. Kd1 Ke4 64. Ke1 Rh2 65. Kf1 Kf5 66.
Ra4 Rb2 67. Rf4+ Kg6 68. Rf2 Rb3 69. Kg2 Kh5 70. Rf5+ Kh6 71. Rf3 Rb1 72. Re3
Kh5 73. Re5+ Kg6 74. Kh3 Kf6 75. Ra5 Kg6 76. h5+ Kf6 77. Kh4 Rh1+ 78. Kg4 Rb1
79. Ra6+ Kg7 80. Kh4 Kh7 81. g4 Rb5 82. Ra7+ Kh8 83. h6 Kg8 84. g5 Kh8 85. Kh5
Rb8 86. Rc7 Rb5 87. Re7 Ra5 88. Kg4 Ra6 89. Rf7 Kg8 90. Rf6 Ra5 91. g6 Ra8 92.
Kg5 Ra5+ 93. Rf5 Ra8 94. h7+ Kg7 95. Rf7+ Kh8 96. Kh6 1-0

[Event "CrunchLab Masters Div 2 L"]
[Site "chess.com INT"]
[Date "2024.07.21"]
[Round "2.2"]
[White "Kramnik, Vladimir"]
[Black "Aronian, Levon"]
[Result "1/2-1/2"]
[WhiteTitle "GM"]
[BlackTitle "GM"]
[WhiteElo "2753"]
[BlackElo "2729"]
[WhiteFideId "4101588"]
[BlackFideId "13300474"]
[EventDate "2024.07.20"]
[EventType "k.o."]

1. Nf3 d5 2. g3 g6 3. Bg2 Bg7 4. d4 Nf6 5. O-O O-O 6. c4 Nc6 7. cxd5 Nxd5 8. e4
Nb6 9. d5 Na5 10. Qe1 Nac4 11. Nc3 e6 12. Bg5 f6 13. Bc1 exd5 14. exd5 Nxd5 15.
Nd4 Nxc3 16. Qxc3 Ne5 17. Bf4 c6 18. Rad1 Qe7 19. b4 Bg4 20. Rd2 Rad8 21. h3 Bc8
22. Rfd1 g5 23. Bxe5 fxe5 24. Nb3 Rxd2 25. Qxd2 e4 26. Re1 Qf6 27. Rxe4 h6 28.
Qe3 Qb2 29. Re8 Qb1+ 30. Kh2 Qf5 31. Nc5 Rxe8 32. Qxe8+ Qf8 33. Qe3 b6 34. Nd3
Bd7 35. Ne5 Qd6 36. Nxd7 Qxd7 37. Qe4 Qd6 38. Qe8+ Qf8 39. Qe1 Qd6 40. a3 Kf8
41. Qe4 Bf6 42. Qf5 Kg7 43. Bf3 Bd4 44. Kg2 c5 45. Be4 Qf6 46. Qh7+ Kf8 47. f3
a5 48. bxa5 bxa5 49. Qa7 Be3 50. Qb8+ Kg7 51. Bd5 Qe7 52. Qg8+ Kf6 53. Qh8+ Qg7
54. Qd8+ Qe7 55. Qxa5 Qe5 56. Qb6+ Ke7 57. Qb7+ Kd8 58. Bc4 Qc3 59. Qb8+ Kd7 60.
Qb7+ Kd8 61. Qd5+ Kc7 62. Qd3 Qb2+ 63. Qe2 Qxa3 64. Bd3 Bd4 65. Qe7+ Kb6 66.
Qd8+ Kc6 67. Qc8+ Kd6 68. Qf8+ Kc7 69. Qe7+ Kb6 70. Qd8+ Kc6 71. Qe8+ Kd6 72.
Qd8+ Kc6 1/2-1/2

[Event "CrunchLab Masters Div 2 L"]
[Site "chess.com INT"]
[Date "2024.07.21"]
[Round "2.3"]
[White "Kramnik, Vladimir"]
[Black "Aronian, Levon"]
[Result "1-0"]
[WhiteTitle "GM"]
[BlackTitle "GM"]
[WhiteElo "2753"]
[BlackElo "2729"]
[WhiteFideId "4101588"]
[BlackFideId "13300474"]
[EventDate "2024.07.20"]
[EventType "k.o."]

1. Nf3 d5 2. g3 g6 3. Bg2 Bg7 4. O-O Nf6 5. d3 O-O 6. Nbd2 Nc6 7. e4 e5 8. c3 a5
9. a4 h6 10. Re1 Re8 11. Qc2 Be6 12. exd5 Bxd5 13. b3 Qd7 14. Bb2 Rad8 15. Rad1
Nh7 16. h4 f5 17. Qb1 Qf7 18. c4 Bxf3 19. Bxf3 Nb4 20. Nf1 c6 21. Bg2 g5 22. Nh2
gxh4 23. gxh4 Nf6 24. Bxe5 Nh5 25. d4 Bxe5 26. Rxe5 Rxe5 27. dxe5 Rxd1+ 28. Qxd1
Nf4 29. Bf1 Qg7+ 30. Kh1 Qxe5 31. Qd8+ Kg7 32. Qd7+ Kg6 33. h5+ Kf6 34. Qh7 Qe4+
35. Kg1 Nc2 36. Qxh6+ Kf7 37. Qh7+ Kf8 38. Qh8+ Kf7 39. h6 Nd4 40. Qg7+ Ke6 41.
h7 Nde2+ 42. Bxe2 Nxe2+ 43. Kf1 Nf4 44. Qh6+ Kd7 45. Qxf4 Qxf4 46. h8=Q Qe4 47.
Qh3 Kd6 48. Kg1 Qe1+ 49. Kg2 Qe4+ 50. Qf3 Qe5 51. Qd3+ Kc5 52. Nf3 Qg7+ 53. Kf1
Kb4 54. Nd2 Qa1+ 55. Ke2 Qe5+ 56. Qe3 Qb2 57. Qe7+ c5 58. Qxb7+ Ka3 59. Qd5 f4
60. Qxc5+ Ka2 61. Qd5 f3+ 62. Qxf3 Qe5+ 63. Qe3 Qh5+ 64. Nf3 Qf5 65. Qd2+ Ka3
66. Qd3 Qe6+ 67. Qe3 Qf5 68. Qc1+ 1-0